Sborník textů k ověřování zvláštní způsobilosti k některým činnostem ve výstavbě Druhá etapa

Salvato in:
Dettagli Bibliografici
Autore principale: Hegenbart, Miroslav
Natura: Libro
Lingua:ceco
Pubblicazione: Praha Státní komise pro vědeckotechnický a investičný rozvoj 1987
Edizione:1. vyd.
Serie:Příručka investiční výstavby
Tags: Aggiungi Tag
Nessun Tag, puoi essere il primo ad aggiungerne!!

MARC

LEADER 00000nam a2200000 4500
001 c034678
005 20250916070020.2
041 0 |a cze 
044 |a CZ 
245 1 0 |a Sborník textů k ověřování zvláštní způsobilosti k některým činnostem ve výstavbě  |b Druhá etapa  |c Miroslav Hegenbart 
250 |a 1. vyd. 
264 1 |a Praha  |b Státní komise pro vědeckotechnický a investičný rozvoj  |c 1987 
300 |a 431 s. 
490 1 |a Příručka investiční výstavby 
830 0 |a Příručka investiční výstavby 
100 1 |a Hegenbart, Miroslav